000 00322nam a2200133 i 4500
001 bg
100 1 _aKOSTYRKO, K.
245 0 _aPomiary fizykochemiczne w zaleceniach i normach /
_cK. Kostyrko.
260 _aWarszawa,
_c1982.
040 _cBPK
041 _apol
942 _cKS
008 s pl f |000 0 pol
999 _c1904
_d1904
856 _uhttp://koha.tu.koszalin.pl/cgi-bin/koha/opac-detail.pl?biblionumber=1904
_yKatalog online BPK